Thơ Đường Tập 1
Bewaard in:
| Formaat: | Boek |
|---|---|
| Taal: | Vietnamese |
| Gepubliceerd in: |
H.
Văn học
1987
|
| Editie: | In lần thứ 2 |
| Reeks: | Văn học cổ điển nước ngoài
Văn học Trung Quốc |
| Onderwerpen: | |
| Tags: |
Voeg label toe
Geen labels, Wees de eerste die dit record labelt!
|
| Thư viện lưu trữ: | Mạng thư viện Đại học Đà Nẵng |
|---|
| LEADER | 00878nam a2200337 4500 | ||
|---|---|---|---|
| 001 | 000004286 | ||
| 003 | 419 | ||
| 005 | 20121211001213.0 | ||
| 008 | 110718s1987 viesd | ||
| 020 | |c 16000 | ||
| 041 | 0 | |a vie | |
| 082 | |a 895.1 |b THƠ | ||
| 245 | 0 | 0 | |a Thơ Đường |n Tập 1 |
| 250 | |a In lần thứ 2 | ||
| 260 | |a H. |b Văn học |c 1987 | ||
| 300 | |a 347 tr. |c 19 cm. | ||
| 490 | |a Văn học cổ điển nước ngoài | ||
| 490 | |a Văn học Trung Quốc | ||
| 500 | |a Bộ sách gồm 2 tập | ||
| 653 | |a Văn học Trung Quốc | ||
| 653 | |a Thơ Đường | ||
| 773 | |t Thơ Đường |w 415 | ||
| 910 | |a Thi |d 18/7/2011 | ||
| OWN | |a LSP | ||
| 999 | |a From the UDN01 | ||
| TYP | |a Monograph | ||
| TYP | |a Printed language | ||
| 980 | |a Mạng thư viện Đại học Đà Nẵng | ||